Can YOU Guess the Cover Athlete for Every NBA 2k Game? - Statistics

General Stats
  • This quiz has been taken 314 times
  • The average score is 16 of 20
Answer Stats
Game Player % Correct
NBA 2k14 LeBron James
95%
NBA 2k Allen Iverson
92%
NBA 2k1 Allen Iverson
92%
NBA 2k2 Allen Iverson
92%
NBA 2k3 Allen Iverson
92%
NBA 2k4 Allen Iverson
92%
NBA 2k10 Kobe Bryant
91%
NBA 2k11 Michael Jordan
89%
NBA 2k12 Michael Jordan
89%
NBA 2k6 Shaquille O’Neal
89%
NBA 2k7 Shaquille O’Neal
89%
NBA 2k15 Kevin Durant
87%
NBA 2k16 Stephen Curry
86%
NBA 2k18 Kyrie Irving
81%
NBA 2k19 Giannis Antetokounmpo
76%
NBA 2k17 Paul George
76%
NBA 2k9 Kevin Garnett
69%
NBA 2k8 Chris Paul
59%
NBA 2k13 Derrick Rose
56%
NBA 2k5 Ben Wallace
54%
No matching quizzes found
Score Distribution
Percent of People with Each Score
Percentile by Number Answered
Your Score History
You have not taken this quiz